ბათუმის შოთა რუსთაველის სახელმწიფო უნივერსიტეტის ბიბლიოთეკა

Клиническая психология и психотерапия / (ბიბ.ჩანაწერი № 41273)

000 -LEADER
fixed length control field 00714nam a2200217Ia 4500
001 - CONTROL NUMBER
control field 7928
003 - CONTROL NUMBER IDENTIFIER
control field GE_BSU
005 - DATE AND TIME OF LATEST TRANSACTION
control field 20221003115012.0
008 - FIXED-LENGTH DATA ELEMENTS--GENERAL INFORMATION
fixed length control field 181216sru 2012xx |||||||||||||| ||rus||
020 ## - INTERNATIONAL STANDARD BOOK NUMBER
International Standard Book Number 9785459004823
040 ## - CATALOGING SOURCE
Transcribing agency GE_BSU
041 ## - LANGUAGE CODE
Language code of text/sound track or separate title rus
080 ## - UNIVERSAL DECIMAL CLASSIFICATION NUMBER
Universal Decimal Classification number 615.851 K-49
245 ## - TITLE STATEMENT
Title Клиническая психология и психотерапия /
Statement of responsibility, etc. Под ред.М.Перре
264 ## - PRODUCTION, PUBLICATION, DISTRIBUTION, MANUFACTURE, AND COPYRIGHT NOTICE
Place of production, publication, distribution, manufacture СПБ :
Name of producer, publisher, distributor, manufacturer Питер,
Date of production, publication, distribution, manufacture, or copyright notice 2012.
300 ## - PHYSICAL DESCRIPTION
Extent 944 стр.:
Other physical details илл;
Dimensions 25 см.
653 ## - INDEX TERM--UNCONTROLLED
keyword Клиническая психология и психотерапия
653 ## - INDEX TERM--UNCONTROLLED
keyword ფსიქოლოგია
700 ## - ADDED ENTRY--PERSONAL NAME
Personal name Перре, М
Relator term რედაქტორი
9 (RLIN) 14952
942 ## - ADDED ENTRY ELEMENTS (KOHA)
Koha item type წიგნი
Source of classification or shelving scheme
ეგზემპლარები
Withdrawn status Lost status Source of classification or shelving scheme Damaged status Not for loan Permanent Location Current Location Shelving location Date acquired Cost, normal purchase price Full call number Barcode Date last seen Copy number Price effective from Koha item type Public note
          ბათუმის შოთა რუსთაველის სახელმწიფო უნივერსიტეტის მთავარი ბიბლიოთეკა ბათუმის შოთა რუსთაველის სახელმწიფო უნივერსიტეტის მთავარი ბიბლიოთეკა წიგნსაცავი 2018-12-17 77.00 615.851 K-49 24401 2018-12-17 24401 2018-12-17 წიგნი 77.00